Rozklad vybraných prioritných a relevantných látok v odpadových vodách oxidačnými postupmi s využitím ozónu dizertačná práca

Gespeichert in:
Bibliographische Detailangaben
1. Verfasser: Šimovičová, Katarína
Format: Buch
Sprache:Slowakisch
Veröffentlicht: Bratislava STU FCHPT 2015
Online-Zugang:Im OPAC anzeigen
Tags: Tag hinzufügen
Keine Tags, Fügen Sie das erste Tag hinzu!

MARC

LEADER 00000nam a2200000 a 4500
005 20260127134042.0
008 160301 2015 000 0 slo d
035 |a vtls011509082 
039 9 |y 201603011049  |z mschk02 
040 |a STUSCHK1  |b slo  |c STUSCHK1  |e AACR2 
100 1 |a Šimovičová, Katarína 
245 1 |a Rozklad vybraných prioritných a relevantných látok v odpadových vodách oxidačnými postupmi s využitím ozónu  |b dizertačná práca  |c Katarína Šimovičová 
260 |a Bratislava  |b STU FCHPT  |c 2015 
300 |a 101 s.  |b il.  |c 24 cm 
500 |a Školiace pracovisko: Odd. enviromentálneho inžinierstva 
910 |a SCHK95 
999 |c 2955  |d 2955